Friends Cast - Statistics

General Stats
  • This quiz has been taken 128 times
  • The average score is 6 of 6
Answer Stats
Character Actor/Actress % Correct
Rachael Green Jennifer Aniston
98%
Ross Geller David Schwimmer
96%
Monica Geller/Bing courteney Cox
95%
Phoebe Buffay Lisa Kudrow
92%
Chandler Bing Matthew Perry
92%
Joey Tribbiani Matt LeBlanc
90%
No matching quizzes found
Score Distribution
Percent of People with Each Score
Percentile by Number Answered
Your Score History
You have not taken this quiz